| 000 | 01002nam a22003257a 4500 | ||
|---|---|---|---|
| 001 | 200441497 | ||
| 999 |
_c200441497 _d59709 |
||
| 003 | TR-AnTOB | ||
| 005 | 20240911104238.0 | ||
| 007 | ta | ||
| 008 | 210623s2021 ||||| |||| 00| 0 tur d | ||
| 020 | _a9786052124376 | ||
| 040 |
_aTR-AnTOB _beng _cTR-AnTOB _erda |
||
| 041 | 0 | _atur | |
| 050 | _aLA942 | ||
| 090 |
_aLA942 _b.Ö373 2021 |
||
| 100 | 1 |
_aÖzer, Mahmut _eauthor _9108767 |
|
| 245 |
_aEğitim politikalarında sistemik uyum / _cMahmut Özer. |
||
| 264 | 1 |
_aİstanbul : _bMaltepe Üniversitesi Yayınları, _c2021. |
|
| 264 | 4 | _cc2021 | |
| 300 |
_a268 pages: _btables, _c21 cm |
||
| 336 |
_2rdacontent _atext _btxt |
||
| 337 |
_2rdamedia _aunmediated _bn |
||
| 338 |
_2rdacarrier _avolume _bnc |
||
| 490 | 0 |
_aMaltepe Üniversitesi Yayınları ; _v6 |
|
| 504 | _aIncludes bibliographical references. | ||
| 650 | 7 |
_2etuturkob _919023 _aEğitim _zTürkiye |
|
| 650 | 0 |
_aEğitim ve devlet _zTürkiye _vKongreler _962869 |
|
| 942 |
_2lcc _cBK |
||